<?xml version="1.0" encoding="UTF-8"?><?xml-stylesheet type="text/xsl" href="static/style.xsl"?><OAI-PMH xmlns="http://www.openarchives.org/OAI/2.0/" xmlns:xsi="http://www.w3.org/2001/XMLSchema-instance" xsi:schemaLocation="http://www.openarchives.org/OAI/2.0/ http://www.openarchives.org/OAI/2.0/OAI-PMH.xsd"><responseDate>2026-04-27T21:26:04Z</responseDate><request verb="GetRecord" identifier="oai:uvadoc.uva.es:10324/3690" metadataPrefix="marc">https://uvadoc.uva.es/oai/request</request><GetRecord><record><header><identifier>oai:uvadoc.uva.es:10324/3690</identifier><datestamp>2021-06-29T09:37:17Z</datestamp><setSpec>com_10324_38</setSpec><setSpec>col_10324_852</setSpec></header><metadata><record xmlns="http://www.loc.gov/MARC21/slim" xmlns:doc="http://www.lyncode.com/xoai" xmlns:xsi="http://www.w3.org/2001/XMLSchema-instance" xmlns:dcterms="http://purl.org/dc/terms/" xsi:schemaLocation="http://www.loc.gov/MARC21/slim http://www.loc.gov/standards/marcxml/schema/MARC21slim.xsd">
<leader>00925njm 22002777a 4500</leader>
<datafield tag="042" ind1=" " ind2=" ">
<subfield code="a">dc</subfield>
</datafield>
<datafield tag="720" ind1=" " ind2=" ">
<subfield code="a">Romero Romero, Sofía</subfield>
<subfield code="e">author</subfield>
</datafield>
<datafield tag="260" ind1=" " ind2=" ">
<subfield code="c">2013</subfield>
</datafield>
<datafield tag="520" ind1=" " ind2=" ">
<subfield code="a">Este trabajo tiene como principal objetivo conocer la importancia del hábito de la alimentación desde la infancia hasta la adolescencia e intentar conseguir una equilibrada alimentación en alumnos de educación infantil a través de la escuela. Para ello, se realizó una encuesta a los padres sobre la alimentación de sus hijos. Al no obtener resultados muy satisfactorios y para la consecución del objetivo principal se plantea una propuesta de mejora que los niños deberán realizar en el aula. A pesar de que la propuesta está planteada para un año académico, sólo se ha podido llevar a cabo en mes y medio. Sus resultados han sido verdaderamente positivos.</subfield>
</datafield>
<datafield tag="024" ind2=" " ind1="8">
<subfield code="a">http://uvadoc.uva.es/handle/10324/3690</subfield>
</datafield>
<datafield ind1=" " ind2=" " tag="653">
<subfield code="a">Educación Infantil</subfield>
</datafield>
<datafield ind1=" " ind2=" " tag="653">
<subfield code="a">Hábitos alimenticios</subfield>
</datafield>
<datafield tag="245" ind1="0" ind2="0">
<subfield code="a">Promoción de hábitos alimentarios saludables desde la escuela</subfield>
</datafield>
</record></metadata></record></GetRecord></OAI-PMH>